00441nam a2200133Ia 4500008004100000082002400041100002300065245004400088260003900132300000800171650000800179999001700187952010300204240116s9999 xx 000 0 und d a345.02775491bPAK-T aPakistan law house 4aThe Control of Narcotic Substances Acts aPakistanbPakistan law housec2021 a367 aLaw c35020d35020 00104070aSIRC-LbSIRC-Ld2024-01-16l0o345.02775491 PAK-Tp28325r2024-01-16w2024-01-16yBook